| 000 | 00513nam a2200217Ia 4500 | ||
|---|---|---|---|
| 003 | OSt | ||
| 005 | 20220924133924.0 | ||
| 006 | a|||||r|||| 00| 0 | ||
| 007 | ta | ||
| 008 | 220923b |||||||| |||| 00| 0 snd d | ||
| 024 | _a271133 | ||
| 037 | _cTextual | ||
| 040 |
_aARTS _cARTS _bsnd |
||
| 041 |
_2snd _asnd |
||
| 082 | _a/\2,11, 1593G8;L5 | ||
| 100 | _aVaswani | ||
| 245 | 0 | _aSantmala | |
| 260 | _c1975 | ||
| 942 |
_h/\2,11, 1593G8;L5 _cTEXL _2CC |
||
| 999 |
_c435757 _d435757 |
||